Caricamento...
Indian swathanthria prasthanathinte charithram/
| Autore principale: | |
|---|---|
| Natura: | Printed Book |
| Lingua: | Malayalam |
| Pubblicazione: |
Thiruvananthapuram:
Kerala Bhasha Institute,
1973.
|
| LEADER | 00484nam a2200121Ia 4500 | ||
|---|---|---|---|
| 008 | 111205s9999 xx 000 0 mal d | ||
| 100 | |a Tharachand | ||
| 245 | |a Indian swathanthria prasthanathinte charithram/ |c Tharachand | ||
| 260 | |b Kerala Bhasha Institute, |a Thiruvananthapuram: |c 1973. | ||
| 300 | |a 498pages. | ||
| 942 | |c BK | ||
| 999 | |c 210984 |d 210984 | ||
| 952 | |0 0 |1 0 |2 ddc |4 0 |6 954_035000000000000_THA_I |7 0 |9 233306 |a MAL |b MAL |c ST1 |d 1972-07-18 |g 13.00 |h Part-1 |o 954.035 THA/I |p MAL11109 |r 2011-12-05 |v 13.00 |y BK | ||